Central Library OPAC University of Rajshahi

Pulse and switching circuit action / (Record no. 12612)

MARC details
000 -LEADER
fixed length control field 00741cam a2200265 4500
001 - CONTROL NUMBER
control field 12612
003 - CONTROL NUMBER IDENTIFIER
rucl marc code BD-RjUL
005 - DATE AND TIME OF LATEST TRANSACTION
control field 20211208235327.0
008 - FIXED-LENGTH DATA ELEMENTS--GENERAL INFORMATION
fixed length control field 140129s1971 nyua b 001 0 eng
020 ## - INTERNATIONAL STANDARD BOOK NUMBER
International Standard Book Number 0070673861
035 ## - SYSTEM CONTROL NUMBER
System control number (BD-RjUL)12661
040 ## - CATALOGING SOURCE
Original cataloging agency DLC
Transcribing agency DLC
Modifying agency DLC
-- BD-RjUL
Language of cataloging eng
041 ## - LANGUAGE CODE
Language code of text/sound track or separate title eng
082 00 - DEWEY DECIMAL CLASSIFICATION NUMBER
Classification number 621.381534
Author mark and year VEP 1971
100 1# - MAIN ENTRY--PERSONAL NAME
Personal name Veatch, Henry C.
9 (RLIN) 39280
245 10 - TITLE STATEMENT
Title Pulse and switching circuit action /
Statement of responsibility, etc. Henry C. Veatch.
260 ## - PUBLICATION, DISTRIBUTION, ETC. (IMPRINT)
Place of publication, distribution, etc. New York :
Name of publisher, distributor, etc. McGraw-Hill ,
Date of publication, distribution, etc. c1971
300 ## - PHYSICAL DESCRIPTION
Pagination x, 181 p. :
Illustrations illus. ;
Size 23 cm.
650 #0 - SUBJECT ADDED ENTRY--TOPICAL TERM
Topical term or geographic name as entry element Pulse circuits.
9 (RLIN) 39281
Topical term or geographic name as entry element Switching circuits.
9 (RLIN) 39282
Topical term or geographic name as entry element Digital counters.
9 (RLIN) 39283
942 ## - ADDED ENTRY ELEMENTS (KOHA)
Source of classification or shelving scheme Dewey Decimal Classification
Koha item type Books
Holdings
Lost status Source of classification or shelving scheme Damaged status Not for loan Collection code Permanent Location Current Location Shelving location Date acquired Source of acquisition Total Checkouts Full call number Date last seen Copy number Koha item type
  Dewey Decimal Classification   Not For Loan Non-fiction Central Library, University of Rajshahi Central Library, University of Rajshahi Reading Room 10/06/1977 W. U. S.   621.381534 VEP 1971 29/01/2014 C-1 Books